书目信息 |
| 题名: |
核桃栽培与病虫害防治技术
|
|
| 作者: | 马利军 , 马黎 , 刘路 主编 | |
| 分册: | ||
| 出版信息: | 天津 天津科学技术出版社 2017 |
|
| 页数: | 157页 | |
| 开本: | 21cm | |
| 丛书名: | ||
| 单 册: | ||
| 中图分类: | S664.1 | |
| 科图分类: | ||
| 主题词: | 核桃--栽培技术--教材 , 核桃--病虫害防治--教材 | |
| 电子资源: | ||
| ISBN: | 978-7-5576-2737-9 | |
| 000 | 00938nam0 2200277 450 | |
| 001 | 012001003790 | |
| 005 | 20131105163900.0 | |
| 010 | @a978-7-5576-2737-9@dCNY26.00 | |
| 100 | @a20171018d2017 em y0chiy50 ea | |
| 101 | 0 | @achi |
| 102 | @aCN@b120000 | |
| 105 | @aa z 000yy | |
| 106 | @ar | |
| 200 | 1 | @a核桃栽培与病虫害防治技术@9he tao zai pei yu bing chong hai fang zhi ji shu@f马利军,马黎,刘路主编 |
| 210 | @a天津@c天津科学技术出版社@d2017 | |
| 215 | @a157页@c图@d21cm | |
| 300 | @a新型职业农民培育教材 | |
| 330 | @a本书以技能培养为主,包括核桃生产的概述、核桃育苗技术、核桃园的综合管理技术、核桃的整形修剪技术、果实采收及采后增值处理等内容。 | |
| 606 | 0 | @a核桃@x栽培技术@j教材 |
| 606 | 0 | @a核桃@x病虫害防治@j教材 |
| 690 | @aS664.1@v5 | |
| 701 | 0 | @a马利军@9ma li jun@4主编 |
| 701 | 0 | @a马黎@9ma li@4主编 |
| 701 | 0 | @a刘路@9liu lu@4主编 |
| 801 | 0 | @aCN@b上海新华@c20191020 |
| 905 | @b1206652-5@dS664.1@e592@f4 | |
| 核桃栽培与病虫害防治技术/马利军,马黎,刘路主编.-天津:天津科学技术出版社,2017 |
| 157页:图;21cm |
| 新型职业农民培育教材 |
| ISBN 978-7-5576-2737-9:CNY26.00 |
| 本书以技能培养为主,包括核桃生产的概述、核桃育苗技术、核桃园的综合管理技术、核桃的整形修剪技术、果实采收及采后增值处理等内容。 |
| ● |
| 相关链接 |
|
|
|
|
正题名:核桃栽培与病虫害防治技术
索取号:S664.1/592
 
预约/预借
| 序号 | 登录号 | 条形码 | 馆藏地/架位号 | 状态 | 备注 |
| 1 | 1206652 | 212066529 | 第二样本阅览室/ [索取号:S664.1/592] | 在馆 | |
| 2 | 1206653 | 212066538 | 第三借阅区/ [索取号:S664.1/592] | 在馆 | |
| 3 | 1206654 | 212066547 | 第三借阅区/ [索取号:S664.1/592] | 在馆 | |
| 4 | 1206655 | 212066556 | 第三借阅区/ [索取号:S664.1/592] | 在馆 |